000 00446nam a2200157 i 4500
001 90744
003 ES-MaACL
005 20230906180541.0
007 t|
008 050124s1967 sp ||||1| spa d
100 1 _aLeirós, Sara.
_971393
245 1 0 _aPedagogía y salvación en la mentalidad hispánica /
_cSara Leirós.
260 _aMadrid :
_bEd. Combonianas,
_c[1967]
300 _a101 p. ;
_c18 cm.
852 _aES-MaACL
_jC-32665
_bR.63156
999 _c90744
_d90744